[Event "Winnipeg TNT June op"]
[Site "Winnipeg"]
[Date "2002.06.18"]
[Round "3"]
[White "Greenberg, Harley"]
[Black "Semenko, Rena"]
[Result "1-0"]
[WhiteElo "1757"]
[BlackElo "1164"]
[PlyCount "53"]
[EventDate "2002.06.04"]
[EventType "swiss"]
[EventRounds "4"]
[EventCountry "CAN"]
[SourceTitle "EXT 2022"]
[Source "ChessBase"]
[SourceDate "2021.10.06"]
[SourceVersion "1"]
[SourceVersionDate "2021.10.06"]
[SourceQuality "1"]

1. d4 d5 2. c4 e6 3. Nc3 Bd7 4. Nf3 dxc4 5. g3 Nf6 6. Bg2 Bc6 7. 0-0 Bd6 8. Re1 0-0 9. e4 Bb4 10. Ne5 Bxc3 11. bxc3 Re8 12. Rb1 b6 13. Bg5 h6 14. Bxf6 Qxf6 15. Nxc6 Nd7 16. e5 Qf5 17. Ne7+ Rxe7 18. Bxa8 f6 19. Be4 Qh3 20. Bg2 Qf5 21. d5 Nc5 22. Qf3 Qc2 23. exf6 Rf7 24. dxe6 Nxe6 25. Qe4 Qxa2 26. Qxe6 Kf8 27. Qe8# 1-0

[Event "Winnipeg TNT March op"]
[Site "Winnipeg"]
[Date "2002.03.12"]
[Round "2.8"]
[White "Semenko, Rena"]
[Black "Weijs, Harry"]
[Result "0-1"]
[WhiteElo "1043"]
[BlackElo "1528"]
[PlyCount "47"]
[EventDate "2002.03.05"]
[EventType "swiss"]
[EventRounds "4"]
[EventCountry "CAN"]
[SourceTitle "EXT 2022"]
[Source "ChessBase"]
[SourceDate "2021.10.06"]
[SourceVersion "1"]
[SourceVersionDate "2021.10.06"]
[SourceQuality "1"]

1. e4 d5 2. d3 e5 3. Nf3 Nc6 4. Nc3 Bb4 5. Bd2 Bxc3 6. bxc3 dxe4 7. dxe4 Nf6 8. Bd3 Bg4 9. Bb5 Nxe4 10. Qc1 Qd6 11. Bxc6+ bxc6 12. Be3 0-0 13. c4 Qb4+ 14. Kf1 Qxc4+ 15. Kg1 Bxf3 16. gxf3 Nc3 17. Kg2 Ne2 18. Bg5 Nf4+ 19. Kg3 Ng6 20. Kg2 e4 21. h4 Ne5 22. fxe4 Qxe4+ 23. Kf1 Qc4+ 24. Kg2 0-1